Loading...
| Literature - European | 2 | 0 | 0 | 0 | 30 | 28 | 46.00 | 2 | 2 | 12.43 | 18.18 |
| Literature - World | 1 | 1 | 0 | 1 | 25 | 45 | 84.50 | 0 | 2 | 8.32 | 13.64 |
| History - European | 0 | 2 | 0 | 0 | 20 | 74 | 91.00 | 2 | 2 | 4.39 | 18.18 |
| Philosophy | 1 | 1 | 1 | 0 | 20 | 45 | 62.50 | 1 | 2 | 8.94 | 15.91 |
| Fine Arts - Painting and Sculpture | 1 | 0 | 0 | 0 | 15 | 58 | 58.00 | 0 | 1 | 5.00 | 4.55 |
| Science - Other | 1 | 0 | 0 | 0 | 15 | 42 | 42.00 | 0 | 1 | 6.53 | 7.50 |
| Science - Biology | 1 | 0 | 0 | 0 | 15 | 47 | 47.00 | 0 | 1 | 5.34 | 6.82 |
| Social Science | 0 | 1 | 0 | 0 | 10 | 88 | 88.00 | 0 | 1 | 2.42 | 6.82 |
| History - Other | 0 | 1 | 0 | 0 | 10 | 105 | 105.00 | 1 | 1 | 6.25 | 50.00 |
| History - World | 1 | 0 | 1 | 0 | 10 | 22 | 22.00 | 1 | 1 | 7.45 | 9.09 |
| History - Ancient/Other | 0 | 0 | 1 | 0 | -5 | 0.00 | 0 | 0 | 0.00 | 0.00 | |
| Fine Arts - Other | 0 | 0 | 1 | 0 | -5 | 0.00 | 0 | 0 | 0.00 | 0.00 |